[Event "Maia Cup 2019"]
[Site "Tbilisi"]
[Date "2019.09.06"]
[Round "7.7"]
[White "Jojua, Davit"]
[Black "Purtseladze, Maka"]
[Result "1-0"]
[WhiteElo "2563"]
[BlackElo "2274"]
[Annotator "TA"]
[PlyCount "61"]
[EventDate "2019.09.05"]
[EventType "swiss"]
[EventCountry "GEO"]
[SourceTitle "playchess.com"]
[Source "ChessBase"]
[SourceQuality "1"]

{[%evp 9,61,27,30,5,10,13,20,16,20,0,0,-1,0,0,0,1,0,0,5,0,17,0,8,15,45,43,35,25,74,27,26,26,36,32,76,68,75,79,135,127,125,56,1000,980,1167,1108,1925,1915,1802,1094,1284,1258,2090,340]} 1. d4 Nf6 2. c4 e6 3. Nf3 Bb4+ 4. Nbd2 a5 5. Qc2 (5. a3 Be7 6. e4 d5 7. e5 Nfd7 8. Bd3 c5 9. O-O Nc6 10. Re1 cxd4 11. Nb3 O-O 12. cxd5 exd5 {½-½ (32) Vitiugov,N (2726)-Bauer,C (2629) Batumi 2018}) 5... d5 6. e3 {E11: Bogo-Indian} O-O 7. Bd3 b6 $146 ({Predecessor:} 7... dxc4 8. Bxc4 Nbd7 9. O-O Qe7 10. Ne5 Bd6 11. Ndf3 c5 12. Re1 Bb8 13. Bd3 {½-½ (40) Saric,A (2437)-Kovalevskaya,E (2457) Solin 2005}) 8. O-O {The position is equal.} Bb7 9. Ne5 Nbd7 10. Ndf3 Nxe5 11. Nxe5 Bd6 12. b3 c5 13. Bb2 Rc8 14. Qe2 cxd4 15. exd4 Qc7 16. Rac1 Qb8 17. Qe3 dxc4 18. bxc4 Rfd8 19. Rfe1 Bxe5 $1 20. dxe5 Nd7 21. Qh3 h6 22. Re3 $1 Nc5 23. Bc2 $1 Rd7 ({Black should try} 23... Qc7) 24. Rg3 $16 Kh8 {[#]} 25. Re1 $40 {[%mdl 128] White attacks.} (25. Qg4 $1 $16 {[%csl Gg3][%cal Rg4g7]} Rg8 26. Bc3) 25... Rd2 $2 {[%mdl 8192] [#]} (25... Be4 $14 26. Qg4 (26. Bxe4 Nxe4 27. Rd3 Rcd8 $11) 26... Bg6) 26. Bc1 $1 $18 {[%cal Rc1d2] White is clearly winning.} ({Weaker is} 26. Qg4 Rg8 $14) 26... Rcd8 27. Qg4 {[%csl Gg3][%cal Rg4g7]} g6 28. Bxd2 {Intending Qf4 and mate.} Rxd2 {[#]} 29. Bxg6 $1 fxg6 {[#]} 30. Qf4 $1 {[%mdl 576] Qf6+ would kill now. Double Attack} Rd7 31. Rxg6 $2 {Accuracy: White = 70%, Black = 33%.} (31. Qf6+ Rg7 32. Rxg6) 1-0

[Event "Maia Cup 2019"]
[Site "Tbilisi"]
[Date "2019.09.06"]
[Round "8.1"]
[White "Jobava, Baadur"]
[Black "Maghalashvili, Davit"]
[Result "1-0"]
[WhiteElo "2617"]
[BlackElo "2500"]
[Annotator "TA"]
[PlyCount "59"]
[EventDate "2019.09.05"]
[EventType "swiss"]
[EventCountry "GEO"]
[SourceTitle "playchess.com"]
[Source "ChessBase"]
[SourceQuality "1"]

{[%evp 20,59,20,16,32,16,29,11,20,-16,28,19,56,41,104,100,42,0,0,-36,-30,-37,-37,-64,44,55,62,51,47,0,22,0,0,0,10,-4,616,603,953,837,1225,953]} 1. d4 d5 2. c4 e6 3. Nc3 Be7 4. Bf4 Nf6 5. e3 O-O 6. a3 c5 7. dxc5 Bxc5 8. Qc2 Nc6 9. Rd1 Qa5 10. Nf3 Be7 11. Nd2 e5 {D37: Queen's Gambit Declined: 5 Bf4} 12. Bg5 {[#] aiming for cxd5.} d4 13. Bxf6 Bxf6 {[#] The position is equal.} 14. Nd5 $146 ({Predecessor:} 14. Nb3 Qd8 15. Nd5 g6 16. Be2 Bg7 17. O-O Qg5 18. Kh1 dxe3 19. fxe3 {1-0 (40) Salem,A (2586)-Arab,A (2441) Amman 2014}) 14... dxe3 15. fxe3 Be7 16. Bd3 f5 ({Better is} 16... Bg4 $14) 17. O-O $16 {[%cal Rd3f5]} e4 18. Nxe4 fxe4 19. Bxe4 Bg4 20. Bxh7+ Kh8 21. Bf5 Bxf5 (21... Bxd1 $15 22. Qxd1 g6 23. Bxg6 Rxf1+ 24. Kxf1 Rf8+ 25. Kg1 Kg7) 22. Rxf5 $40 {[%mdl 128] White has some attack.} Rxf5 23. Qxf5 {[#] Black must now prevent Qh5+.} Qd8 $1 24. Qh5+ {[%mdl 1024] White has compensation.} Kg8 25. Rf1 {Strongly threatening Qf7+.} Qe8 26. Qg4 {Threatens to win with Qe6+.} Bd8 27. Rf5 Ne5 $2 {[%mdl 8192]} (27... g6 $11) 28. Qe4 $18 {White is clearly winning.} Qa4 29. Qxe5 {White threatens Qe6+ and mate.} Qd1+ 30. Rf1 {Accuracy: White = 45%, Black = 16%.} 1-0

[Event "Maia Cup 2019"]
[Site "Tbilisi"]
[Date "2019.09.06"]
[Round "8.2"]
[White "Pantsulaia, Levan"]
[Black "Sanikidze, Tornike"]
[Result "1-0"]
[WhiteElo "2603"]
[BlackElo "2515"]
[Annotator "TA"]
[PlyCount "103"]
[EventDate "2019.09.05"]
[EventType "swiss"]
[EventCountry "GEO"]
[SourceTitle "playchess.com"]
[Source "ChessBase"]
[SourceQuality "1"]

{[%evp 15,111,33,49,20,16,0,38,36,21,13,50,39,62,31,52,-38,23,-21,16,-17,-7,-21,-27,-50,-54,-56,-33,-29,20,20,26,16,18,13,18,0,0,0,0,-49,19,0,0,0,47,34,31,18,24,23,24,31,27,7,45,10,8,4,11,0,0,-135,-126,-325,-310,-579,-552,-666,-634,-601,-460,-522,-440,-414,-308,-282,-230,-214,-159,-2137,-2271,-2147,-1398,-992,589,580,579,560,902,889,864,757,757,757,955,941,1174,1029]} 1. c4 g6 2. g3 Bg7 3. Bg2 d6 4. Nc3 f5 5. d4 Nf6 6. Nf3 O-O 7. O-O e6 8. Qc2 Nc6 9. d5 {A87: Dutch Defence: Leningrad System: 5 Nf3} (9. Rd1 Qe7 10. a3 e5 11. dxe5 Nxe5 12. b3 c6 13. Bb2 Be6 14. Ng5 Bd7 15. Qd2 h6 16. Nf3 Nf7 17. e3 {½-½ (73) Pantsulaia,L (2607)-Sanikidze,T (2510) Tbilisi 2017}) 9... Nb4 10. Qd1 e5 11. a3 {White is slightly better.} Na6 12. b4 h6 $146 ({Predecessor:} 12... e4 13. Nd4 Ng4 14. e3 Ne5 15. Qe2 Bd7 16. Bb2 Qe7 {0-1 (41) Taleb,M (2406)-Sandipan,C (2594) Dubai 2014}) 13. Bb2 g5 14. Qb3 Qe8 15. c5 ({White should play} 15. Rae1 $14) 15... dxc5 (15... e4 $15 16. Nd4 dxc5) 16. Nd2 Kh7 17. Qc4 Qe7 18. b5 Nb8 {[%cal Ba6b8,Bb8d7,Bd7b6][%mdl 32]} 19. Nb3 Nbd7 20. Na4 {[%cal Rb3c5]} Nb6 21. Qxc5 Qxc5 22. Naxc5 e4 23. Ne6 Bxe6 24. dxe6 Na4 25. Be5 Nd5 $1 26. Bxg7 Kxg7 27. Rfc1 Kf6 (27... Nac3 $15 28. Rc2 a6) 28. Rc4 Nab6 29. Rc2 Kxe6 30. Nc5+ Ke5 31. a4 a6 32. bxa6 {Threatens to win with a5.} Nb4 $1 {[%cal Rb4c2]} 33. Rcc1 Nxa6 34. Nxb7 Rfb8 (34... Ra7 $5 {[%cal Ra7b7]} 35. Na5 Nb4 36. Nc4+ Nxc4 37. Rxc4 Nd5 $11) 35. Na5 {Nc6+ is the strong threat.} Nb4 $36 {[%mdl 2048] Black has some pressure.} 36. Rc5+ N6d5 $1 37. Rac1 Kd6 38. g4 {[#]} (38. Nc6 $11 Nxc6 39. Rxc6+ Ke5 40. Rxh6) 38... Na2 $1 $17 {[%cal Ra2c1]} 39. Rc6+ $2 (39. R1c2 $17 {was the only chance.}) 39... Kd7 $19 40. R1c5 $2 {[#]} (40. Re1 {is a better defense.} Rxa5 41. Rxh6) 40... Rxa5 $1 {[%mdl 512]} 41. Rxa5 Kxc6 42. gxf5 Rb1+ 43. Bf1 Nac3 {( -> ...Nxe2+)} 44. e3 Ra1 45. Ra6+ Nb6 46. a5 Kb7 {And now ...Nb5 would win.} 47. Kg2 $2 {[#]} (47. axb6 $17 Ne2+ 48. Kg2 Rxa6 49. bxc7) 47... Rxf1 $1 48. axb6 (48. Kxf1 Kxa6) 48... Kxa6 49. f6 {[#]} Rd1 $4 {[%mdl 8192]} (49... Nd5 $1 $19 {[%cal Rd5e3] aiming for ...Nxe3+!} 50. Kxf1 Nxb6) 50. bxc7 $18 {White is clearly winning.} Kb7 51. f7 Ne2 {[#]} 52. c8=B+ {Played: c7-c8Q} 1-0

[Event "Maia Cup 2019"]
[Site "Tbilisi"]
[Date "2019.09.06"]
[Round "8.3"]
[White "Fier, Alexandr"]
[Black "Arutinian, David"]
[Result "1-0"]
[WhiteElo "2549"]
[BlackElo "2551"]
[Annotator "ChessBase"]
[PlyCount "117"]
[EventDate "2019.09.05"]
[EventType "swiss"]
[EventCountry "GEO"]
[SourceTitle "playchess.com"]
[Source "ChessBase"]
[SourceQuality "1"]
[TimeControl "900+10"]

1. c4 {[%emt 0:00:00]} e5 {[%emt 0:00:03]} 2. Nc3 {[%emt 0:00:00]} Nf6 {[%emt 0:00:02]} 3. Nf3 {[%emt 0:00:00]} Nc6 {[%emt 0:00:01]} 4. e4 {[%emt 0:00:00]} d6 {[%emt 0:00:10]} 5. d4 {[%emt 0:00:00]} Bg4 {[%emt 0:00:02]} 6. d5 {[%emt 0:00:00]} Nd4 {[%emt 0:00:02]} 7. Be2 {[%emt 0:00:00]} Bxf3 {[%emt 0:00:10]} 8. Bxf3 {[%emt 0:00:01]} Be7 {[%emt 0:03:01]} 9. Be3 {[%emt 0:00:04]} Nxf3+ {[%emt 0:00:01]} 10. Qxf3 {[%emt 0:00:02]} O-O {[%emt 0:00:02]} 11. O-O {[%emt 0:00:02]} Nd7 {[%emt 0:00:01]} 12. Qg3 {[%emt 0:01:19]} Kh8 {[%emt 0:00:31]} 13. f3 {[%emt 0:00:12]} h6 {[%emt 0:00:04]} 14. Kh1 {[%emt 0:00:02]} Bg5 {[%emt 0:00:19]} 15. Bg1 {[%emt 0:00:01]} Nc5 {[%emt 0:00:35]} 16. Bxc5 {[%emt 0:00:44]} Bh4 {[%emt 0:00:05]} 17. Qh3 {[%emt 0:00:36]} dxc5 {[%emt 0:00:01]} 18. Rad1 {[%emt 0:00:09]} Bg5 {[%emt 0:00:07]} 19. Rd3 {[%emt 0:00:16]} a6 {[%emt 0:00:03]} 20. a4 {[%emt 0:00:48]} Qd6 {[%emt 0:00:05]} 21. b3 {[%emt 0:00:27]} g6 {[%emt 0:00:10]} 22. g3 {[%emt 0:00:12]} Kg7 {[%emt 0:00:03]} 23. Qg2 {[%emt 0:00:17]} h5 {[%emt 0:00:11]} 24. h4 {[%emt 0:00:50]} Bh6 {[%emt 0:00:07]} 25. g4 {[%emt 0:01:18]} Kh7 {[%emt 0:02:56]} 26. gxh5 {[%emt 0:00:37]} gxh5 {[%emt 0:00:01]} 27. Qh3 {[%emt 0:00:01]} Rg8 {[%emt 0:00:44]} 28. Qf5+ {[%emt 0:00:01]} Qg6 {[%emt 0:00:01]} 29. Rg1 {[%emt 0:00:08]} Qxf5 {[%emt 0:00:04]} 30. exf5 {[%emt 0:00:01]} Rxg1+ {[%emt 0:01:21]} 31. Kxg1 {[%emt 0:00:01]} Bf8 {[%emt 0:00:05]} 32. Ne4 {[%emt 0:00:06]} Be7 {[%emt 0:00:00]} 33. f6 {[%emt 0:00:28]} Bd6 {[%emt 0:00:03]} 34. a5 {[%emt 0:00:39]} Rg8+ {[%emt 0:00:37]} 35. Kf2 {[%emt 0:00:01]} Kg6 {[%emt 0:00:01]} 36. b4 {[%emt 0:00:17]} cxb4 {[%emt 0:00:29]} 37. c5 {[%emt 0:00:09]} Bf8 {[%emt 0:00:01]} 38. Rb3 {[%emt 0:02:39]} b6 {[%emt 0:01:55]} 39. axb6 {[%emt 0:00:13]} cxb6 {[%emt 0:00:01]} 40. c6 {[%emt 0:00:01]} Bc5+ {[%emt 0:00:22]} 41. Nxc5 {[%emt 0:02:53]} bxc5 {[%emt 0:00:01]} 42. d6 {[%emt 0:00:01]} Kxf6 {[%emt 0:00:47]} 43. Rd3 {[%emt 0:00:01]} c4 {[%emt 0:02:18]} 44. d7 {[%emt 0:00:08]} cxd3 {[%emt 0:00:18]} 45. c7 {[%emt 0:00:01]} Ke7 {[%emt 0:00:02]} 46. c8=Q {[%emt 0:00:01]} Rd8 {[%emt 0:00:01]} 47. Qc5+ {[%emt 0:01:11]} Ke6 {[%emt 0:00:43]} 48. Qc4+ {[%emt 0:00:07]} Ke7 {[%emt 0:00:01]} 49. Qxd3 {[%emt 0:00:05]} Rxd7 {[%emt 0:00:02]} 50. Qxa6 {[%emt 0:00:11]} Rd4 {[%emt 0:00:11]} 51. Kg3 {[%emt 0:00:16]} Rf4 {[%emt 0:00:42]} 52. Qh6 {[%emt 0:00:20]} Rf5 {[%emt 0:00:02]} 53. Qb6 {[%emt 0:00:26]} Kf8 {[%emt 0:01:28]} 54. Qxb4+ {[%emt 0:01:10]} Kg7 {[%emt 0:00:02]} 55. Qd6 {[%emt 0:00:03]} Kh7 {[%emt 0:00:07]} 56. Kf2 {[%emt 0:00:54]} Kg7 {[%emt 0:00:22]} 57. Ke3 {[%emt 0:00:03]} Kg8 {[%emt 0:00:43]} 58. Qh6 {[%emt 0:00:33]} Rf4 {[%emt 0:00:47]} 59. Qg5+ {[%emt 0:00:01]} 1-0

[Event "Maia Cup 2019"]
[Site "Tbilisi"]
[Date "2019.09.06"]
[Round "8.4"]
[White "Mikadze, Miranda"]
[Black "Volkov, Nika"]
[Result "0-1"]
[WhiteElo "2279"]
[BlackElo "2066"]
[Annotator "NA"]
[PlyCount "100"]
[EventDate "2019.09.05"]
[EventType "swiss"]
[EventCountry "GEO"]
[SourceTitle "playchess.com"]
[Source "ChessBase"]
[SourceQuality "1"]
[TimeControl "900+10"]

1. e4 {[%emt 0:00:00]} e6 {[%emt 0:00:00]} 2. d4 {[%emt 0:00:00]} d5 {[%emt 0:00:00]} 3. Bd3 {[%emt 0:00:00]} c5 {[%emt 0:00:00]} 4. exd5 {[%emt 0:00:06]} exd5 {[%emt 0:00:00]} 5. dxc5 {[%emt 0:00:06]} Bxc5 {[%emt 0:00:06]} 6. Nf3 {[%emt 0:00:02]} Nf6 {[%emt 0:00:03]} 7. O-O {[%emt 0:00:02]} O-O {[%emt 0:00:03]} 8. Bg5 {[%emt 0:00:01]} Nc6 {[%emt 0:00:06]} 9. Nbd2 {[%emt 0:00:05]} Bg4 {[%emt 0:00:18]} 10. c3 {[%emt 0:00:13]} Re8 {[%emt 0:00:22]} 11. Qc2 {[%emt 0:00:39]} h6 {[%emt 0:00:25]} 12. Bh4 {[%emt 0:00:04]} Qd6 {[%emt 0:00:44]} 13. Bg3 {[%emt 0:00:32]} Qd7 {[%emt 0:00:13]} 14. h3 {[%emt 0:00:44]} Be6 {[%emt 0:00:03]} 15. Rfe1 {[%emt 0:00:45]} Rac8 {[%emt 0:00:10]} 16. Qd1 {[%emt 0:00:48]} a6 {[%emt 0:00:07]} 17. Nb3 {[%emt 0:00:35]} Bb6 {[%emt 0:00:24]} 18. Ne5 {[%emt 0:00:09]} Nxe5 {[%emt 0:00:20]} 19. Bxe5 {[%emt 0:00:01]} Ne4 {[%emt 0:00:55]} 20. Bd4 {[%emt 0:00:40]} Bc7 {[%emt 0:01:05]} 21. f3 {[%emt 0:03:48]} Nf6 {[%emt 0:02:43]} 22. Qd2 {[%emt 0:01:50]} Nh5 {[%emt 0:00:27]} 23. Be5 {[%emt 0:00:22]} Bxh3 24. Bxc7 Qxc7 {[%emt 0:02:40]} 25. Rxe8+ {[%emt 0:01:50]} Rxe8 {[%emt 0:00:02]} 26. Re1 {[%emt 0:00:01]} Rxe1+ {[%emt 0:01:31]} 27. Qxe1 {[%emt 0:00:02]} Be6 {[%emt 0:00:01]} 28. Nd4 {[%emt 0:00:05]} Nf4 {[%emt 0:00:51]} 29. Bf1 {[%emt 0:00:47]} Qd6 {[%emt 0:00:23]} 30. Qe3 {[%emt 0:00:54]} Ng6 {[%emt 0:00:12]} 31. Ne2 {[%emt 0:00:12]} h5 {[%emt 0:01:00]} 32. Qa7 {[%emt 0:00:20]} Qe5 {[%emt 0:00:22]} 33. Kf2 {[%emt 0:00:36]} Qc7 {[%emt 0:00:21]} 34. Nd4 {[%emt 0:00:03]} h4 {[%emt 0:00:06]} 35. Nxe6 {[%emt 0:00:33]} fxe6 {[%emt 0:00:03]} 36. Qa8+ {[%emt 0:00:03]} Kf7 {[%emt 0:00:03]} 37. Bd3 {[%emt 0:00:09]} Qg3+ {[%emt 0:00:06]} 38. Kf1 {[%emt 0:00:05]} Nf4 {[%emt 0:00:07]} 39. Qxb7+ {[%emt 0:00:04]} Kf6 {[%emt 0:00:01]} 40. Bxa6 {[%emt 0:00:31]} Qxg2+ {[%emt 0:00:17]} 41. Ke1 {[%emt 0:00:00]} Qg1+ {[%emt 0:00:06]} 42. Kd2 {[%emt 0:00:04]} Qf2+ {[%emt 0:00:02]} 43. Kc1 {[%emt 0:00:18]} h3 {[%emt 0:00:55]} 44. Qb8 {[%emt 0:00:01]} Qe3+ {[%emt 0:00:02]} 45. Kc2 {[%emt 0:00:06]} Qxf3 {[%emt 0:01:27]} 46. Bb5 {[%emt 0:00:26]} h2 {[%emt 0:01:08]} 47. Qf8+ {[%emt 0:00:31]} Kg6 {[%emt 0:00:56]} 48. Qe8+ {[%emt 0:00:41]} Kh7 {[%emt 0:00:18]} 49. Kb3 {[%emt 0:00:38]} h1=Q {[%emt 0:00:07]} 50. a4 {[%emt 0:00:01]} Qb1 {[%emt 0:00:34]} 0-1

[Event "Maia Cup 2019"]
[Site "Tbilisi"]
[Date "2019.09.06"]
[Round "8.5"]
[White "Khomeriki, Nino"]
[Black "Quparadze, Giga"]
[Result "1/2-1/2"]
[WhiteElo "2315"]
[BlackElo "2462"]
[Annotator "TA"]
[PlyCount "151"]
[EventDate "2019.09.05"]
[EventType "swiss"]
[EventCountry "GEO"]
[SourceTitle "playchess.com"]
[Source "ChessBase"]
[SourceQuality "1"]

{[%evp 15,151,7,15,2,9,12,9,4,49,44,45,36,58,38,35,-12,-12,-15,-17,-19,-16,-20,-24,-22,-7,-16,-10,-15,0,-15,14,-4,0,-9,18,4,34,42,42,41,45,10,14,10,10,10,10,10,3,9,14,19,22,28,28,19,21,21,33,32,35,23,36,20,16,0,0,0,0,0,0,0,0,0,0,0,14,0,0,0,0,0,50,8,12,0,44,36,36,38,36,37,80,80,156,0,0,0,0,0,0,0,0,0,0,0,0,0,0,0,0,0,0,0,0,0,0,0,0,0,0,0,0,0,0,0,0,0,0,0,0,0,0,0,0,0,0,0]} 1. d4 Nf6 2. c4 e6 3. Nf3 b6 4. g3 Bb4+ 5. Bd2 Be7 6. Nc3 Bb7 7. Bg2 c6 8. e4 d5 $1 9. exd5 {E16: Queen's Indian: 4 g3 Bb7 5 Bg2 Bb4+} cxd5 10. Ne5 O-O 11. O-O Na6 $146 ({Predecessor:} 11... Nc6 12. Bf4 Na5 13. Rc1 dxc4 14. Bxb7 Nxb7 15. Nxc4 Bb4 16. Bg5 Nd6 17. Nxd6 Bxd6 {1-0 (41) Radjabov,T (2724)-Eljanov,P (2739) Geneva 2017}) 12. Rc1 Nc7 13. Bf4 Rc8 14. a3 Ba8 15. Qa4 a6 16. cxd5 {Hoping for Nc6.} b5 17. Qb3 Ncxd5 18. Nxd5 Bxd5 19. Bxd5 Qxd5 20. Qxd5 Nxd5 21. Nc6 Bf6 22. Be5 Rfe8 23. Rc5 Ra8 24. Rfc1 Nb6 25. b3 Be7 26. Nxe7+ Rxe7 27. Rc6 Rb7 28. d5 (28. a4 $5 bxa4 29. bxa4 $14) 28... f6 $1 {[%cal Rf6e5]} 29. Bd4 Nxd5 30. Rxe6 Rd7 31. Bc5 Kf7 32. Rc6 a5 33. Rd1 a4 34. bxa4 bxa4 35. Bb4 Kg6 36. Rc5 Nb6 37. Rxd7 Nxd7 $14 {[%mdl 4096] Endgame KRB-KRN} 38. Rc7 Ne5 39. Kg2 h5 40. f4 Ng4 41. Bc5 Rd8 42. h3 Rd2+ 43. Kf3 Nh2+ 44. Ke4 Re2+ 45. Kd5 Re8 46. Kc4 Nf1 47. g4 hxg4 48. hxg4 Rb8 49. f5+ Kh6 50. Rd7 Re8 51. Kb5 Nh2 52. Kxa4 Nxg4 53. Kb5 Rb8+ {[#]} 54. Bb6 $1 Ne5 ({Black should play} 54... Kg5) 55. Rd4 $2 (55. Rd8 $16 Rb7 56. a4) 55... Kg5 $11 {The position is equal.} 56. a4 {[%cal Ba3a4,Ba4a5,Ba5a6,Ba6a7][%mdl 32]} Kxf5 57. a5 Ke6 $1 58. Ra4 g5 59. a6 Nd7 60. a7 Rxb6+ {KRN-KR} 61. Ka5 {[#]} Rb8 $1 {[%cal Rb8a8] Threatens to win with ...Ra8!} 62. Re4+ (62. axb8=Q Nxb8) 62... Kf5 63. Re7 Rg8 {White must now prevent ...Ne5.} 64. Rxd7 {KR-KR} g4 65. Kb6 Kf4 66. Rd4+ Kg5 67. Rd7 {Black should prevent Rg7+!} Ra8 68. Kb7 Rxa7+ 69. Kxa7 {KR-KPP} f5 {And now ...g3 would win.} 70. Kb6 g3 {aiming for ...f4.} 71. Kc5 (71. Kc6 {looks sharper.} Kg4 72. Rf7 g2 73. Rg7+ Kf3 74. Kd5) 71... Kg4 72. Kd4 {Intending Ke3 and mate.} g2 73. Rg7+ Kf3 $1 74. Ke5 Kf2 75. Rxg2+ Kxg2 76. Kxf5 {Accuracy: White = 53%, Black = 73%.} 1/2-1/2

[Event "Maia Cup 2019"]
[Site "Tbilisi"]
[Date "2019.09.06"]
[Round "8.6"]
[White "Morchiashvili, Bachana"]
[Black "Jojua, Davit"]
[Result "0-1"]
[WhiteElo "2320"]
[BlackElo "2563"]
[Annotator "TA"]
[PlyCount "158"]
[EventDate "2019.09.05"]
[EventType "swiss"]
[EventCountry "GEO"]
[SourceTitle "playchess.com"]
[Source "ChessBase"]
[SourceQuality "1"]

{[%evp 27,158,64,85,0,-6,-37,0,-68,-39,-47,-33,-127,-127,-197,-115,-148,-155,-134,-154,-161,7,0,0,0,0,0,0,-84,-87,-176,-132,-469,-314,-315,-144,-160,-199,-139,0,0,0,-177,47,-58,-58,-891,-900,-901,-900,-882,-882,-848,-838,-836,-836,-758,-754,-537,-462,-666,-536,-530,-529,-1517,-2260,-2132,-1836,-1606,-1619,-29961,-29962,-29962,-29961,-29963,-29964,-29964,-29965,-29964,-29965,-29965,-29967,-29966,-29966,-29966,-29968,-29968,-29969,-29969,-29970,-29971,-29971,-29972,-29973,-29973,-29974,-29973,-29975,-29975,-29976,-29976,-29977,-29977,-29978,-29979,-29980,-29981,-29980,-29980,-29975,-29975,-29977,-29977,-29978,-29980,-29981,-29983,-29982,-29983,-29981,-29981,-29980,-29982,-29977,-29983,-29984,-29982,-29983,-29983,-29984,-29987,-29988,-29988,-29989]} 1. d4 Nf6 2. Nf3 g6 3. c4 Bg7 4. Nc3 d6 5. e4 O-O 6. Be2 e5 7. O-O Nc6 8. d5 Ne7 9. Ne1 Nd7 10. Be3 f5 11. f3 f4 12. Bf2 g5 13. Rc1 h5 14. b4 Nf6 15. h3 {E99: King's Indian: Classical Main Line: 9 Ne1 Nd7 10 f3 f5} (15. c5 $16) (15. c5 Bd7 16. Bb5 Rf7 17. Bxd7 Qxd7 18. Qa4 Qd8 19. cxd6 cxd6 20. Nb5 Ng6 21. Qa5 b6 22. Qa6 g4 {0-1 (33) Esserman,M (2467)-Kakageldyev,A (2379) Budapest 2017}) 15... Ng6 $11 16. c5 Rf7 17. b5 $146 (17. c6 $11) ({Predecessor:} 17. Nd3 Bh6 18. Rc2 Rg7 19. Re1 Nf8 20. Kf1 Qe8 21. a4 {0-1 (30) Dorado,E-Ossa,V Cali 2008}) 17... b6 (17... g4 $5 18. hxg4 (18. fxg4 hxg4 19. hxg4 Bh6 $11) 18... hxg4 19. fxg4 Bh6 $14) 18. cxd6 cxd6 19. Nd3 (19. Nb1 $15) 19... Bh6 $1 $17 20. Nb4 (20. Re1 $17) 20... Rg7 (20... g4 $19 21. Kh1 (21. fxg4 hxg4 22. hxg4 Bg5 $15) 21... g3) 21. Nc6 Qe8 22. Kh1 g4 23. Rg1 {[#]} gxh3 $2 (23... g3 $1 $19 {[%cal Rg3f2]} 24. Be1 Nh4) 24. gxh3 $11 Bxh3 25. a4 Kh7 26. a5 bxa5 27. b6 (27. Ra1 $11 {remains equal.}) 27... axb6 $17 28. Nb5 (28. Rc2 $17) 28... Qd7 29. Bxb6 $2 {[%mdl 8192]} (29. Bf1 $17) 29... Nh4 {( -> ...Bg2+)} 30. Nxe5 dxe5 (30... Qb7 $19 {and Black stays clearly on top.} 31. Bf2 Rag8) 31. Rc7 Bg2+ 32. Rxg2 Rxg2 $40 {[%mdl 128] Black attacks.} ({Black should play} 32... Nxg2 $17 33. Rxd7 Nxd7) 33. Bf1 $11 Rg3 {White must now prevent ...Qxc7!} 34. Bf2 $2 {[#]} (34. Rxd7+ $11 {and White has nothing to worry.} Nxd7 35. Bf2) 34... Rag8 $2 (34... Qxc7 $1 $19 35. Nxc7 Rb8 36. Bxg3 fxg3) 35. Bxg3 ({White must play} 35. Rxd7+ $14 Nxd7 36. Nd6) 35... fxg3 $15 36. Bg2 $2 {[%mdl 8192]} (36. Rxd7+ $15 Nxd7 37. Qe1) 36... Rc8 $19 {aiming for ...Qxc7.} 37. Rxd7+ Nxd7 38. f4 exf4 39. Nd4 {[#]} f3 $1 40. Nxf3 {[#]} Rc1 $1 41. Qxc1 Bxc1 42. Nxh4 {[%mdl 4096] Endgame KBN-KBN} a4 {[%cal Ba5a4,Ba4a3][%mdl 32] Threatens to win with ...a3.} 43. Bf1 (43. e5 $142 Nxe5 44. Be4+ Kh6 45. Kg2) 43... a3 {Strongly threatening ...a2.} 44. Bc4 Ne5 45. Bb3 Bg5 46. Nf5 h4 47. Kg2 Nd3 {...Ne1+ is the strong threat.} 48. Nxg3 hxg3 {Black mates.} 49. Kxg3 Kg6 50. d6 Bf4+ {[%mdl 64] Double Attack} 51. Kf3 Bxd6 52. Ke3 Nc1 53. Bc4 Kf6 54. Kd4 Be5+ 55. Kd5 a2 56. Bxa2 Nxa2 57. Kc4 Ke6 58. Kc5 Nc3 59. Kc4 Nxe4 60. Kd3 Kd5 61. Ke3 Nc5 62. Kf3 Kd4 63. Ke2 Ke4 64. Kf2 Nd3+ 65. Ke2 Bf4 66. Kd1 Nb4 67. Ke2 Nd5 68. Kf2 Nc3 69. Kg2 Nd1 70. Kf1 Kf3 71. Ke1 Nc3 72. Kf1 Ne4 73. Kg1 Nf2 74. Kf1 Bh2 75. Ke1 Ne4 76. Kd1 Ke3 77. Kc2 Nd2 78. Kc3 Bd6 79. Kc2 Be5 {Accuracy: White = 34%, Black = 63%.} 0-1

[Event "Maia Cup 2019"]
[Site "Tbilisi"]
[Date "2019.09.06"]
[Round "8.7"]
[White "Paichadze, Luka"]
[Black "Chkhaidze, Nikoloz"]
[Result "1-0"]
[WhiteElo "2574"]
[BlackElo "2333"]
[Annotator "ChessBase"]
[PlyCount "73"]
[EventDate "2019.09.05"]
[EventType "swiss"]
[EventCountry "GEO"]
[SourceTitle "playchess.com"]
[Source "ChessBase"]
[SourceQuality "1"]
[TimeControl "900+10"]

1. e4 e5 2. Nc3 Nf6 3. f4 d5 4. fxe5 Nxe4 5. Nf3 Bc5 6. Qe2 Bf5 7. d3 Nxc3 8. bxc3 O-O 9. Be3 Nd7 10. d4 Bb6 11. c4 c5 12. cxd5 cxd4 13. Bxd4 Re8 14. c3 Bg4 15. O-O-O Nxe5 16. Bxe5 f6 17. Qc4 Bxf3 18. d6+ Kh8 19. gxf3 Rxe5 20. d7 Rc5 21. Qb3 Qc7 22. Qf7 Rxc3+ 23. Kb1 Rg8 24. Bh3 Qc6 25. Be6 Qb5+ 26. Bb3 Rd8 27. Rhe1 Re3 28. Rxe3 Bxe3 29. a4 Qf5+ 30. Bc2 Qe5 31. Rd5 Qb8 32. Rh5 h6 33. Qg6 Kg8 34. Qh7+ Kf8 35. Bb3 Qf4 36. Qg8+ Ke7 37. Qe6+ 1-0

[Event "Maia Cup 2019"]
[Site "Tbilisi"]
[Date "2019.09.06"]
[Round "9.2"]
[White "Maghalashvili, Davit"]
[Black "Pantsulaia, Levan"]
[Result "1/2-1/2"]
[WhiteElo "2500"]
[BlackElo "2603"]
[Annotator "TA"]
[PlyCount "43"]
[EventDate "2019.09.05"]
[EventType "swiss"]
[EventCountry "GEO"]
[SourceTitle "playchess.com"]
[Source "ChessBase"]
[SourceQuality "1"]

{[%evp 14,15,28,27]} 1. d4 d5 2. c4 e6 3. Nc3 Be7 4. Nf3 Nf6 5. cxd5 exd5 6. Bg5 c6 7. e3 O-O 8. Qc2 {Predecessor:} Nbd7 $146 9. Bd3 Re8 10. h3 Nf8 11. Bf4 Bd6 12. Bxd6 Qxd6 13. O-O-O Be6 14. Kb1 Rac8 15. g4 c5 16. dxc5 Qxc5 17. Nd4 a6 18. Qd2 b5 19. f3 N6d7 20. Rc1 Qe7 21. Nf5 Bxf5 22. Bxf5 {1-0 (63) Yilmaz,M (2636)-Raja,R (2423) Dubai 2019} 1/2-1/2